Statistics for Guess The Picks From The NFL 2014 Draft

Click here to take the quiz!

General Stats

  • This quiz has been taken 7 times
  • The average score is 13 of 32

Answer Stats

HintAnswer% Correct
(1) Texans DE South CarolinaJadeveon Clowney
100%
(7) Bucs WR Texas A&MMike Evans
100%
(12) Giants WR LSUOdell Beckham
100%
(4) Bills WR ClemsonSammy Watkins
100%
(3) Jaguars QB UCFBlake Bortles
83%
(22) Browns QB Texas A&MJohnny Manziel
83%
(32) Vikings QB LouisvilleTeddy Bridgewater
83%
(13) Rams DT PittsburghAaron Donald
67%
(5) Raiders OLB BuffaloKhalil Mack
67%
(26) Eagles DE LouisvilleMarcus Smith
67%
(10) Lions TE North CarolinaEric Ebron
50%
(6) Falcons OT Texas A&MJake Matthews
50%
(28) Panthers WR Florida StateKelvin Benjamin
50%
(2) Rams OT AuburnGreg Robinson
33%
(30) 49ers DB Northern IllinoisJimmie Ward
33%
(14) Bears DB Virginia TechKyle Fuller
33%
(15) Steelers OLB Ohio StateRyan Shazier
33%
(11) Titans OT MichiganTaylor Lewan
33%
(16) Cowboys OT Notre DameZack Martin
33%
(17) Ravens ILB AlabamaCJ Mosley
17%
(21) Packers DB AlabamaHaHa Clinton-Dix
17%
(25) Chargers DB TCUJason Verrett
17%
(19) Dolphins OT TennesseeJa'Wuan James
17%
(9) Vikings OLB UCLAAnthony Barr
0%
(31) Broncos DB Ohio StateBradly Roby
0%
(20) Saints WR Oregon StateBrandin Cooks
0%
(18) Jets DB LouisvilleCalvin Pryor
0%
(24) Bengals DB Michigan StateDarqueze Dennard
0%
(23) Chiefs DE AuburnDee Ford
0%
(27) Cardinals DB Washington StateDeone Bucannon
0%
(29) Patriots DT FloridaDominique Easley
0%
(8) Browns DB Oklahoma StateJustin Gilbert
0%

Score Distribution

Percentile by Number Answered

Percent of People with Each Score

Your Score History

You have not taken this quiz